| 000 | 00893cam a22002535a 4500 | ||
|---|---|---|---|
| 001 | L159738 | ||
| 008 | 150226s2017 xxk f 000 0 eng d | ||
| 035 | _a(Sirsi) u159738 | ||
| 041 | 0 | _aeng | |
| 100 | 1 |
_aHooper, Brendon _96168 |
|
| 245 | 0 | 0 | _aCracker Jakarta |
| 260 | _c2017 | ||
| 490 |
_aModus _vDecember 2017 - January 2018, 30-31 (2) |
||
| 520 | _aOffice supply in the Indonesian capital is threatening to outstrip demand, but as one dominant sector declines, another emerges. Tech sector is taking over the office space from the oil, gas and mining firms. | ||
| 590 | _aKA | ||
| 650 | 2 | 4 | _aPROPERTY INVESTMENT |
| 650 | 2 | 4 | _aPROPERTY-COMMERCIAL PROPERTY-OFFICE PROPERTY-OFFICE PROPERTY MARKET |
| 650 | 2 | 4 | _aMASS RAPID TRANSIT |
| 650 | 2 | 4 | _aTECHNOLOGY COMPANIES |
| 651 | 4 | _aIndonesia | |
| 690 |
_aInfrastructure _96246 |
||
| 690 |
_aCommercial property _96227 |
||
| 942 | _n0 | ||
| 999 |
_c84949 _d84949 |
||